Recycling of used tyres in Japan (Record no. 66562)

MARC details
000 -LEADER
fixed length control field 00309nam a2200121Ia 4500
100 ## - MAIN ENTRY--AUTHOR NAME
Personal name Nishimura K
245 #0 - TITLE STATEMENT
Title Recycling of used tyres in Japan
260 ## - PUBLICATION, DISTRIBUTION, ETC. (IMPRINT)
Name of publisher Kautschuk Gummi Kunststoffe
Year of publication 1993
300 ## - PHYSICAL DESCRIPTION
Number of Pages 989-991
650 ## - SUBJECT ADDED ENTRY--TOPICAL TERM
Topical Term Tyre recycling
942 ## - ADDED ENTRY ELEMENTS (KOHA)
Koha item type Journals
Holdings
Withdrawn status Lost status Damaged status Not for loan Home library Current library Shelving location Date acquired Serial Enumeration / chronology Koha item type
      Journals RRII Library RRII Library Rubber chemistry 17/12/2021 Volume 46, Issue 12 Journals